Регионална библиотека "Любен Каравелов" - Русе

Ангелски данък (Запис номер 415343)

MARC детайли
000 -Лидер
Контролно поле с фиксирана дължина 00809nam a2200265 a 4500
003 - Код на организацията, давaща контролен номер
Контролно поле BLK
005 - Дата и час на последна редакция
Контролно поле 20241009173557.0
008 - Елементи от данни с фиксирана дължина
fixed length control field 180408b bul|||||r ||||||| ||bul||
010 ## - Наследен системен номер
LC control number KNG00078925000
020 ## - Международен стандартен номер на книга ISBN
Международен стандартен номер на книга ISBN 9786191643943
040 ## - Източник на каталожния запис
Идентификатор на билиотеката - собственик на записа BLK
041 ## - Код за език
Код за езика на текст/звукозапис или на отделно заглавие Български
Код за езика КДБФ Български
080 ## - УДК
Текстов определител УДК Българска литература
УДК код - определител по УДК 821.163.2
УДК определител -31
УДК - код + определител 821.163.2-31
100 1# - Редна дума - Автор
Автор Леви, Ирен
Авторска отговорност първи автор
R(LIN) 296923
139 ## - Редно поле
Редна дума Леви, Ирен
Авторски знак Лев - Л 35
245 10 - Сведения за заглавието
Заглавие Ангелски данък
Редно поле (дума) Ирен Леви.
257 ## - Страна на издаване
Страна на създаване/издаване България
260 ## - Област на издателските данни
Място на издаване, разпространение и проч. София
Име на издателя, разпространителя и проч. Enthusiast
Година на издаване 2021
9 (RLIN) 215899
Издателство - префикс ISBN 978-619-164- ; 978-954-2958- ; 978-954-8657-
300 ## - Физическа характеристика
Страници 238 с.
Размери/Мащаб 20 см
380 ## - Жанр
Жанр Худож. лит.
856 4# - Електронен адрес и достъп
Електронен формат pdf - файл
856 4# - Електронен адрес и достъп
Електронен формат pdf - файл
999 ## - СИСТЕМНИ КОНТРОЛНИ НОМЕРА
Koha biblionumber 415343
Koha biblioitemnumber 415343
942 ## - АРТИКУЛИ
Вид на библиотечния материал Книги
Скрит в OPAC Не
Периодичен библиозапис Да
Koha issues (borrowed), all copies 36
944 ## - СЪЗДАВАНЕ И РЕДАКЦИЯ на ЗАПИСА
Служител, извършил регистрацията/редакцията 30564
Статус, дата на статуса Галина Якимова
Наличности
Код за отписване Код за изгубен артикул Източник на класификационната схема Код за повреда Коз за рестрикции Код за отдаване Артикулен № Име на библиотеката - собственик Име на библиотеката, в която се намира в момента Статус (Текущо местоположение) Дата на вписване в системата Местоположение - отдел Цена в лева Систематично азбучна сигнатура Баркод Цена в евро Служебен тип на артикула
  Не е изгубен Universal Decimal Classification Не е повреден без рестрикции заемане за дома 832013 Регионална библиотека "Любен Каравелов" Русе Регионална библиотека "Любен Каравелов" Русе Заемна - подръчен фонд 2021-05-21 Заемна - подръчен фонд 12.00 821.163.2-31/Л 35 И 120000855207 6.14 Книги
  Не е изгубен Universal Decimal Classification Не е повреден без рестрикции заемане за дома 832014 Регионална библиотека "Любен Каравелов" Русе Регионална библиотека "Любен Каравелов" Русе Заемна - подръчен фонд 2021-05-21 Заемна - подръчен фонд 12.00 821.163.2-31/Л 35 И 120000855208 6.14 Книги
  Не е изгубен Universal Decimal Classification Не е повреден само за читалня ползва се в читалня 835999 Регионална библиотека "Любен Каравелов" Русе Регионална библиотека "Любен Каравелов" Русе Хранилище 2021-06-10 Хранилище 16.00 Цб 307644 120000856022 8.18 Книги
Vip Innovations Ltd, Rousse, Bulgaria 2025